Подробности
| 000 -МАРКЕР |
| контрольное поле |
01662nam2a22002651 4500 |
| 001 - ИДЕНТИФИКАТОР ЗАПИСИ |
| контрольное поле |
rc\2302998 |
| 005 - ИДЕНТИФИКАТОР ВЕРСИИ |
| контрольное поле |
20110829141023.7 |
| 035 ## - ДРУГИЕ СИСТЕМНЫЕ НОМЕРА |
| Идентификатор записи |
(NLR Aleph) 006468060 |
| 100 ## - ДАННЫЕ ОБЩЕЙ ОБРАБОТКИ |
| Данные общей обработки |
20110829d1977 |||y0rusy50 ca |
| 101 0# - ЯЗЫК РЕСУРСА |
| Язык текста, звукозаписи и т.д. |
русский |
| 102 ## - СТРАНА ПУБЛИКАЦИИ ИЛИ ПРОИЗВОДСТВА |
| Страна публикации |
Российская Федерация |
| 105 ## - ПОЛЕ КОДИРОВАННЫХ ДАННЫХ: ТЕКСТОВЫЕ МАТЕРИАЛЫ, МОНОГРАФИЧЕСКИЕ |
| Кодированные данные о монографическом текстовом документе |
y c ||||| |
| 200 1# - ЗАГЛАВИЕ И СВЕДЕНИЯ ОБ ОТВЕТСТВЕННОСТИ |
| Основное заглавие |
Литература о жизни и деятельности В.И. Ленина |
| Сведения, относящиеся к заглавию |
Исторические места, связанные с жизнью и деятельностью В.И. Ленина в СССР и за рубежом |
| -- |
Вспомогательные указатели |
| Первые сведения об ответственности |
[Подгот. Л.А. Барчан, Л.К. Лукьянова, М.С. Старшинова и др.] |
| Обозначение и номер части |
Ч. 3 |
| Наименование части |
Музеи В.И. Ленина |
| 210 ## - ПУБЛИКАЦИЯ, РАСПРОСТРАНЕНИЕ И ДР. |
| Дата издания, распространения и т.д. |
1977 |
| 215 ## - ФИЗИЧЕСКАЯ ХАРАКТЕРИСТИКА |
| Специфическое обозначение материала и объем |
239 с. |
| 461 #0 - УРОВЕНЬ НАБОРА |
| Встроенное поле |
001rc\2302997 |
| -- |
2001#$aЛениниана$eБиблиогр. произведений В.И. Ленина и литературы о нем. 1956-1967 гг.$eТ. 3$fИн-т марксизма-ленинизма при ЦК КПСС. Гос. б-ка СССР им. В.И. Ленина$vТ. 3 |
| Системный номер (АБИС) связанной записи |
5905990 |
| Место публикации |
Москва |
| Дата публикации |
1977 |
| Первые сведения об ответственности |
Ин-т марксизма-ленинизма при ЦК КПСС. Гос. б-ка СССР им. В.И. Ленина |
| Имя издателя, распространителя и т.д. |
Книга |
| Сведения, относящиеся к заглавию |
Библиогр. произведений В.И. Ленина и литературы о нем. 1956-1967 гг. : Т. 3 |
| Заглавие |
Лениниана |
| Номер тома |
Т. 3 |
| 702 #1 - ИМЯ ЛИЦА - ВТОРИЧНАЯ ОТВЕТСТВЕННОСТЬ |
| Начальный элемент ввода |
Лукьянова |
| Часть имени, кроме начального элемента ввода |
Л. К. |
| Код отношения |
Прочие |
| 702 #1 - ИМЯ ЛИЦА - ВТОРИЧНАЯ ОТВЕТСТВЕННОСТЬ |
| Начальный элемент ввода |
Барчан |
| Часть имени, кроме начального элемента ввода |
Л. А. |
| Код отношения |
Прочие |
| 702 #1 - ИМЯ ЛИЦА - ВТОРИЧНАЯ ОТВЕТСТВЕННОСТЬ |
| Начальный элемент ввода |
Старшинова |
| Часть имени, кроме начального элемента ввода |
М. С. |
| Код отношения |
Прочие |
| 801 #0 - ИСТОЧНИК ЗАПИСИ |
| Страна |
Российская Федерация |
| Организация |
NLR |
| Правила каталогизации |
psbo |
| 801 #1 - ИСТОЧНИК ЗАПИСИ |
| Страна |
Российская Федерация |
| Организация |
ELAR |
| Источник данных |
rusmarc |
| 852 ## - МЕСТОНАХОЖДЕНИЕ И ШИФР ХРАНЕНИЯ |
| Идентификатор организации |
NLR |
| Шифр хранения (Call Number) |
76/Л-45 |
| 942 ## - ДОПОЛНИТЕЛЬНЫЕ ЭЛЕМЕНТЫ ЗАПИСИ (АБИС) |
| Тип экземпляра АБИС |
Книга |
| 980 ## - КОЛЛЕКЦИЯ |
| Название коллекции |
Национальная библиография |